| 000 | 00484nam a2200157 4500 | ||
|---|---|---|---|
| 008 | 040528s1950 us eng | ||
| 090 |
_aBT765 _bC35c |
||
| 100 | 1 | _aChambers, Oswald | |
| 245 | 1 | 0 |
_aConformed to His image / _cOswald Chambers. |
| 260 |
_aPennsylvania : _bChristian Literature Crusade, _cc1950. |
||
| 300 | _a127 p. | ||
| 650 | 4 | _aChristian life. | |
| 650 | 4 | _aFaith. | |
| 650 | 4 | _aSanctification. | |
| 951 |
_p7286 _x00006646 _oBT765/C35c _j070613111357203 _d2000-12-21 _cGC |
||
| 999 |
_c20080 _d20080 |
||